[Event "YUG-ch sf (Women)"]
[Site "Nis"]
[Date "1995.??.??"]
[Round "?"]
[White "Dimitrijevic, Dragana"]
[Black "Tomasevic, Tanja"]
[Result "0-1"]
[WhiteElo "2025"]
[BlackElo "2150"]
[PlyCount "64"]
[EventDate "1995.??.??"]
[EventType "swiss"]
[EventRounds "11"]
[EventCountry "YUG"]
[SourceTitle "EXT 2000"]
[Source "ChessBase"]
[SourceDate "1999.11.16"]
[SourceVersion "1"]
[SourceVersionDate "1999.11.16"]
[SourceQuality "1"]

1. Nf3 d5 2. g3 Nf6 3. Bg2 e6 4. 0-0 Be7 5. d3 c5 6. Nbd2 Nc6 7. e4 Qc7 8. Re1 h6 9. h3 Bd7 10. Nf1 d4 11. c3 e5 12. cxd4 cxd4 13. a3 a5 14. Bd2 a4 15. Nh4 Qc8 16. Kh2 g5 17. Nf3 g4 18. Ng1 Na5 19. Rc1 Qb8 20. f3 gxh3 21. Bxh3 Nb3 22. Rc2 Nxd2 23. Nxd2 h5 24. Nc4 b5 25. Nd2 h4 26. g4 Nh7 27. Nf1 Bg5 28. Ne2 Qd6 29. Nd2 Qb6 30. Rf1 Bf4+ 31. Kg2 Be3 32. Rh1 Be6 0-1

[Event "YUG-chT (Women)"]
[Site "Tivat"]
[Date "1995.??.??"]
[Round "5"]
[White "Tomasevic, Tanja"]
[Black "Strutinskaya, Galina N"]
[Result "0-1"]
[WhiteElo "2140"]
[BlackElo "2330"]
[PlyCount "106"]
[EventDate "1995.??.??"]
[EventType "team"]
[EventRounds "11"]
[EventCountry "YUG"]
[SourceTitle "EXT 1997"]
[Source "ChessBase"]
[SourceDate "1996.11.15"]
[SourceVersion "1"]
[SourceVersionDate "1996.11.15"]
[SourceQuality "1"]

1. d4 Nf6 2. c4 e6 3. Nc3 d5 4. cxd5 exd5 5. Bg5 Be7 6. e3 Nbd7 7. Qc2 c6 8. Bd3 Nf8 9. Nge2 Ne6 10. Bh4 g6 11. 0-0-0 b5 12. f3 0-0 13. Bf2 b4 14. Na4 Qa5 15. h4 c5 16. Nxc5 Qxa2 17. Kd2 Nxc5 18. dxc5 Qa5 19. Rc1 Bd7 20. Nd4 Rfc8 21. Nb3 Qd8 22. g4 Ba4 23. h5 Bxc5 24. Qxc5 Rxc5 25. Nxc5 Be8 26. hxg6 fxg6 27. Bh4 Qd6 28. Nb3 a5 29. Rh3 a4 30. Bg3 Qd8 31. Nd4 a3 32. Be5 a2 33. Nb3 Ba4 34. Na1 Ra7 35. b3 Be8 36. Bd4 Rf7 37. Rc2 Qa8 38. Rh1 Bd7 39. Be2 Ne8 40. Rhc1 Qb8 41. f4 Qa8 42. Bf3 Nd6 43. Rc5 Ne4+ 44. Bxe4 dxe4 45. Rg1 Qa6 46. f5 Rf8 47. Rc4 Rc8 48. Rxc8+ Bxc8 49. f6 g5 50. Ke1 Be6 51. Rf1 Qc6 52. Ke2 Qb7 53. Rd1 Bxg4+ 0-1

[Event "YUG-ch (Women)"]
[Site "Smederevo"]
[Date "1994.04.24"]
[Round "6"]
[White "Grujic, Danijela"]
[Black "Tomasevic, Tanja"]
[Result "1-0"]
[WhiteElo "2005"]
[BlackElo "2200"]
[PlyCount "135"]
[EventDate "1994.04.18"]
[EventType "swiss"]
[EventRounds "10"]
[EventCountry "YUG"]
[SourceTitle "EXT 2018"]
[Source "ChessBase"]
[SourceDate "2017.10.13"]
[SourceVersion "1"]
[SourceVersionDate "2017.10.13"]
[SourceQuality "1"]

1. e4 c6 2. d4 d5 3. exd5 cxd5 4. Bd3 Nc6 5. c3 Nf6 6. Bg5 Bg4 7. Qb3 Qd7 8. Ne2 Ne4 9. Bf4 Bxe2 10. Bxe2 e6 11. 0-0 Be7 12. Bd3 0-0 13. Qc2 f5 14. f3 Nd6 15. Re1 g5 16. Bg3 Bf6 17. Be5 Bxe5 18. dxe5 Nf7 19. Bb5 Qc7 20. Bxc6 Qxc6 21. Qe2 Rad8 22. Na3 Qb6+ 23. Kh1 a6 24. Rad1 Qc5 25. Nc2 b5 26. Nd4 Rfe8 27. a3 Rc8 28. Qf2 Qf8 29. Rd3 f4 30. g3 Qh6 31. Kg2 Kh8 32. Rd2 Qg7 33. Rde2 Re7 34. g4 h5 35. h4 hxg4 36. fxg4 Nh6 37. Kf3 Qg6 38. Rd2 Rg8 39. h5 Qh7 40. Qf1 Rc8 41. a4 Rc4 42. axb5 axb5 43. Qd3 Qxd3+ 44. Rxd3 Re8 45. b3 Rc5 46. b4 Rc4 47. Nxb5 Re4 48. Rxe4 dxe4+ 49. Kxe4 Nxg4 50. Rf3 Ra8 51. Nd6 Ra1 52. Nf7+ Kg7 53. Nxg5 Re1+ 54. Kxf4 Nxe5 55. Re3 Rxe3 56. Kxe3 Kf6 57. Ne4+ Kf5 58. Nd6+ Kg5 59. b5 Nd7 60. Nc8 Kxh5 61. b6 Kg5 62. b7 Kf6 63. Kd4 Kf7 64. Na7 Nb8 65. Kc5 e5 66. Nc6 e4 67. Nxb8 e3 68. Nd7 1-0

[Event "YUG-chT (Women)"]
[Site "Igalo"]
[Date "1994.??.??"]
[Round "6"]
[White "Tomasevic, Tanja"]
[Black "Jovanovic, Violeta"]
[Result "0-1"]
[WhiteElo "2200"]
[BlackElo "2075"]
[PlyCount "124"]
[EventDate "1994.??.??"]
[EventType "team"]
[EventRounds "9"]
[EventCountry "YUG"]
[SourceTitle "EXT 2002"]
[Source "ChessBase"]
[SourceDate "2001.11.25"]
[SourceVersion "1"]
[SourceVersionDate "2001.11.25"]
[SourceQuality "1"]

1. d4 Nf6 2. c4 g6 3. Nc3 Bg7 4. e4 d6 5. Nf3 0-0 6. Be2 e5 7. dxe5 dxe5 8. Qxd8 Rxd8 9. Nd5 Rd7 10. Nxf6+ Bxf6 11. c5 Nc6 12. Bb5 Rd8 13. Bxc6 bxc6 14. Bd2 Bg4 15. Bc3 Bxf3 16. gxf3 Be7 17. Bxe5 Bxc5 18. Ke2 Bd6 19. Bxd6 cxd6 20. Rac1 Rac8 21. h4 d5 22. Rc5 Re8 23. Ke3 f5 24. h5 dxe4 25. hxg6 hxg6 26. Rhc1 exf3+ 27. Kxf3 Re6 28. b4 Kf7 29. b5 Ke7 30. bxc6 Kd6 31. c7 Kd7 32. Ra5 a6 33. Rac5 Rd6 34. Rh1 Rc6 35. Rd1+ Kxc7 36. Ra5 Kb6 37. Re5 Rc3+ 38. Kf4 R8c4+ 39. Kg5 Rg4+ 40. Kf6 Rc6+ 41. Ke7 Rh4 42. Rb1+ Kc7 43. Rd1 Rh7+ 44. Ke8 Kb6 45. Rb1+ Ka7 46. Re7+ Rxe7+ 47. Kxe7 Rc2 48. Kf6 Rxa2 49. Rf1 f4 50. Kxg6 f3 51. Kf5 a5 52. Kf4 Ra3 53. Rh1 a4 54. Rh5 Kb6 55. Rh8 Rb3 56. Ra8 Kb5 57. Rb8+ Kc4 58. Rc8+ Kb4 59. Rb8+ Kc5 60. Rc8+ Kb4 61. Ra8 Rc3 62. Rb8+ Kc4 0-1

[Event "YUG-ch (Women)"]
[Site "Belgrade"]
[Date "1993.??.??"]
[Round "10"]
[White "Tomasevic, Tanja"]
[Black "Benderac, Ana"]
[Result "1/2-1/2"]
[WhiteElo "2170"]
[BlackElo "2080"]
[PlyCount "40"]
[EventDate "1993.??.??"]
[EventType "swiss"]
[EventRounds "11"]
[EventCountry "YUG"]
[SourceTitle "EXT 2002"]
[Source "ChessBase"]
[SourceDate "2001.11.25"]
[SourceVersion "1"]
[SourceVersionDate "2001.11.25"]
[SourceQuality "1"]

1. d4 Nf6 2. Nf3 g6 3. c4 d5 4. Nc3 Bg7 5. e3 0-0 6. Be2 b6 7. 0-0 Bb7 8. Qc2 Nbd7 9. Rd1 Qc8 10. cxd5 Nxd5 11. Nxd5 Bxd5 12. Bd2 Qb7 13. Rac1 c5 14. Qa4 a6 15. Qa3 cxd4 16. exd4 Rfe8 17. Bf4 e5 18. dxe5 Nxe5 19. Ne1 b5 20. Qc5 Rad8 1/2-1/2

[Event "YUG-ch (Women)"]
[Site "Belgrade"]
[Date "1993.??.??"]
[Round "4"]
[White "Tomasevic, Tanja"]
[Black "Kalevic, Sanja"]
[Result "1/2-1/2"]
[WhiteElo "2170"]
[BlackElo "2265"]
[PlyCount "112"]
[EventDate "1993.??.??"]
[EventType "swiss"]
[EventRounds "11"]
[EventCountry "YUG"]
[SourceTitle "EXT 2002"]
[Source "ChessBase"]
[SourceDate "2001.11.25"]
[SourceVersion "1"]
[SourceVersionDate "2001.11.25"]
[SourceQuality "1"]

1. d4 e6 2. c4 Nf6 3. Nf3 b6 4. a3 Bb7 5. Nc3 d5 6. cxd5 Nxd5 7. Qc2 Be7 8. e4 Nxc3 9. bxc3 0-0 10. Bd3 c5 11. 0-0 Ba6 12. Rd1 Bxd3 13. Rxd3 Qc7 14. d5 c4 15. Rd1 e5 16. a4 a6 17. Qa2 Bd6 18. Ba3 Bxa3 19. Qxa3 Re8 20. d6 Qc6 21. Rd5 Nd7 22. Rad1 a5 23. Qa2 Rad8 24. h3 h6 25. Kh1 Re6 26. Nh4 g6 27. Nf3 Kg7 28. Qa3 Qb7 29. Qb2 Nf6 30. Rxe5 Rexd6 31. Re1 Rd1 32. Qe2 Rxe1+ 33. Qxe1 Qc6 34. Nd4 Qxa4 35. f4 Re8 36. Rxe8 Qxe8 37. e5 Nd5 38. Qg3 a4 39. f5 a3 40. fxg6 fxg6 41. e6 a2 42. Qe5+ Kg8 43. Nc2 Qd8 44. Qg3 Ne7 45. Qf3 Qf8 46. Qd1 Qa8 47. Na1 Qd5 48. Qe2 Kg7 49. Qxa2 Qxe6 50. Nc2 Nf5 51. Qa7+ Kf6 52. Qb8 Qd6 53. Qe8 Qd1+ 54. Ne1 Nd6 55. Qf8+ Ke6 56. Qf2 Ne4 1/2-1/2

[Event "YUG-Cup (Women)"]
[Site "Pula"]
[Date "1991.??.??"]
[Round "?"]
[White "Nikolin, Zorica"]
[Black "Tomasevic, Tanja"]
[Result "1/2-1/2"]
[WhiteElo "2220"]
[BlackElo "2170"]
[PlyCount "54"]
[EventDate "1991.??.??"]
[EventType "team"]
[EventRounds "5"]
[EventCountry "YUG"]
[SourceTitle "EXT 2002"]
[Source "ChessBase"]
[SourceDate "2001.11.25"]
[SourceVersion "1"]
[SourceVersionDate "2001.11.25"]
[SourceQuality "1"]

1. e4 c5 2. Nf3 e6 3. d4 cxd4 4. Nxd4 a6 5. Bd3 Nf6 6. 0-0 d6 7. b3 g6 8. Bb2 Bg7 9. Nd2 0-0 10. c4 Nbd7 11. Rc1 Qc7 12. Bb1 b6 13. Kh1 Re8 14. f4 Bb7 15. f5 Ne5 16. fxe6 fxe6 17. Qe2 Qd7 18. N4f3 Nfg4 19. Ba3 d5 20. Rcd1 d4 21. Nxe5 Nxe5 22. Nf3 Nxf3 23. Rxf3 Bf8 24. Bc1 Bg7 25. Ba3 Bf8 26. Bc1 Bg7 27. Ba3 Bf8 1/2-1/2

[Event "YUG-Cup (Women)"]
[Site "Pula"]
[Date "1989.??.??"]
[Round "?"]
[White "Nikolin, Zorica"]
[Black "Tomasevic, Tanja"]
[Result "1-0"]
[WhiteElo "2240"]
[BlackElo "2155"]
[PlyCount "110"]
[EventDate "1989.??.??"]
[EventType "team"]
[EventRounds "5"]
[EventCountry "YUG"]
[SourceTitle "EXT 1997"]
[Source "ChessBase"]
[SourceDate "1996.11.15"]
[SourceVersion "1"]
[SourceVersionDate "1996.11.15"]
[SourceQuality "1"]

1. e4 c5 2. Nf3 d6 3. d4 cxd4 4. Nxd4 Nf6 5. Nc3 Nc6 6. Bc4 e6 7. Be3 Be7 8. Bb3 0-0 9. f4 Qc7 10. f5 e5 11. Nde2 Ng4 12. Nd5 Qa5+ 13. c3 Nxe3 14. Nxe3 Qc5 15. Nd5 Bg5 16. h4 Bd8 17. Qd3 b5 18. Qg3 Kh8 19. Nc1 a5 20. Nd3 Qa7 21. a4 b4 22. Bc4 Ba6 23. Bb5 Qb7 24. Bxa6 Qxa6 25. 0-0 Qc4 26. Nf2 bxc3 27. bxc3 Rb8 28. h5 Qe2 29. Qg4 Qd2 30. Rfd1 Qh6 31. Qe2 Ne7 32. Nxe7 Bxe7 33. Rab1 Rbc8 34. c4 Rc7 35. Rdc1 Bg5 36. Rc3 Rfc8 37. Rh3 Qf6 38. Ng4 Qd8 39. Rc3 h6 40. Rb5 Rc5 41. Qd3 Qc7 42. Ne3 Bxe3+ 43. Qxe3 Rxc4 44. Rxc4 Qxc4 45. Rxa5 Qb4 46. Rd5 Qb1+ 47. Kh2 Rc1 48. Rxd6 Rh1+ 49. Kg3 Rxh5 50. Rd2 Rg5+ 51. Kf3 Qh1 52. Qf2 h5 53. Ke3 Rg4 54. Rc2 h4 55. Kd3 Qa1 1-0

[Event "YUG-Cup (Women)"]
[Site "Pula"]
[Date "1989.??.??"]
[Round "?"]
[White "Tomasevic, Tanja"]
[Black "Markov, Slavica"]
[Result "1/2-1/2"]
[WhiteElo "2155"]
[BlackElo "2115"]
[PlyCount "145"]
[EventDate "1989.??.??"]
[EventType "team"]
[EventRounds "5"]
[EventCountry "YUG"]
[SourceTitle "EXT 1997"]
[Source "ChessBase"]
[SourceDate "1996.11.15"]
[SourceVersion "1"]
[SourceVersionDate "1996.11.15"]
[SourceQuality "1"]

1. d4 Nf6 2. c4 e6 3. Nc3 d5 4. cxd5 exd5 5. Bg5 c6 6. Qc2 Na6 7. a3 Nc7 8. e3 g6 9. Bd3 Ne6 10. Bh4 Ng7 11. Nge2 Bf5 12. f3 Bxd3 13. Qxd3 Be7 14. 0-0 0-0 15. e4 dxe4 16. fxe4 Nd7 17. Bxe7 Qxe7 18. Qf3 f5 19. e5 Nb6 20. b4 Rfd8 21. Rfd1 a5 22. Rab1 Nc4 23. Na4 axb4 24. Rxb4 Qf7 25. Rc1 Nd2 26. Qe3 Ne4 27. Nb6 Ra6 28. Nc4 Rda8 29. Nc3 Nxc3 30. Rxc3 Ne8 31. e6 Qe7 32. Nb6 Nc7 33. Nxa8 Nd5 34. Qe5 Rxa8 35. Rbb3 Nxc3 36. Rxc3 Re8 37. Re3 Qg7 38. Qc5 Qe7 39. Qe5 Qg7 40. Qd6 Qe7 41. Qg3 Qf6 42. Qe5 Qxe5 43. Rxe5 Kg7 44. Re3 Kf6 45. Rb3 Re7 46. d5 cxd5 47. Rb6 Ke5 48. Kf2 g5 49. Ke3 g4 50. g3 h5 51. a4 h4 52. a5 h3 53. Ke2 Rxe6 54. Rxb7 Kd4+ 55. Kd2 Ra6 56. Rb4+ Kc5 57. Ra4 Kb5 58. Rd4 Rd6 59. Rf4 Kxa5 60. Rxf5 Kb5 61. Rg5 Kc4 62. Rxg4+ d4 63. Rg8 Ra6 64. Rc8+ Kd5 65. Rh8 Ra2+ 66. Kd3 Ra3+ 67. Kd2 Ra2+ 68. Kd3 Rxh2 69. Rh5+ Ke6 70. Kxd4 Kf6 71. Ke3 Kg6 72. Rh4 Rh1 73. Kf2 1/2-1/2

[Event "YUG-Cup (Women)"]
[Site "Pula"]
[Date "1989.??.??"]
[Round "?"]
[White "Tomasevic, Tanja"]
[Black "Rodic Kures, Gordana"]
[Result "1-0"]
[WhiteElo "2155"]
[BlackElo "2055"]
[PlyCount "130"]
[EventDate "1989.??.??"]
[EventType "team"]
[EventRounds "5"]
[EventCountry "YUG"]
[SourceTitle "EXT 1997"]
[Source "ChessBase"]
[SourceDate "1996.11.15"]
[SourceVersion "1"]
[SourceVersionDate "1996.11.15"]
[SourceQuality "1"]

1. d4 g6 2. c4 f5 3. Nc3 Nf6 4. Nf3 Bg7 5. g3 0-0 6. Bg2 d6 7. 0-0 Nc6 8. d5 Na5 9. Qd3 c5 10. e4 fxe4 11. Nxe4 Nxe4 12. Qxe4 Bf5 13. Qe2 Bg4 14. Bg5 Rf7 15. h3 Bd7 16. Bd2 Bf6 17. Ng5 Rf8 18. Ne4 Bd4 19. Bg5 Bf5 20. Bh6 Bg7 21. Bxg7 Kxg7 22. Nc3 Rf7 23. Rae1 Qf8 24. g4 Bd7 25. Ne4 Re8 26. b3 b6 27. Qd2 Rf4 28. Re3 Nb7 29. Rg3 Nd8 30. Re1 h6 31. Rge3 g5 32. Ng3 Kg8 33. Nh5 Rf7 34. Be4 a5 35. Bg6 Rf3 36. Rxf3 Qxf3 37. Re3 Qf8 38. Bxe8 Bxe8 39. Ng3 Nf7 40. Nf5 Ne5 41. Qe2 Qf6 42. h4 Bd7 43. hxg5 hxg5 44. Qc2 Nxg4 45. Nxe7+ Kg7 46. Rh3 Nh6 47. Re3 Ng4 48. Rh3 Nh6 49. Rxh6 Qxh6 50. Nf5+ Bxf5 51. Qxf5 Kh8 52. Qc8+ Kg7 53. Qc7+ Kh8 54. Qxb6 Qf6 55. Qxa5 g4 56. Qe1 Kg7 57. Qe4 Qa1+ 58. Kg2 Qd1 59. Qe7+ Kh8 60. Qxd6 Qf3+ 61. Kg1 Qd1+ 62. Kh2 Qc2 63. Qf6+ Kg8 64. d6 Qd3 65. Qe6+ Kg7 1-0

[Event "YUG-chT 40th"]
[Site "Brezovica"]
[Date "1988.??.??"]
[Round "?"]
[White "Maric, Mirjana"]
[Black "Tomasevic, Tanja"]
[Result "1-0"]
[WhiteElo "2255"]
[BlackElo "2045"]
[PlyCount "111"]
[EventDate "1988.??.??"]
[EventType "team"]
[EventRounds "9"]
[EventCountry "YUG"]
[SourceTitle "EXT 2009"]
[Source "ChessBase"]
[SourceDate "2008.11.26"]
[SourceVersion "1"]
[SourceVersionDate "2008.11.26"]
[SourceQuality "1"]

1. e4 c5 2. c3 Nf6 3. e5 Nd5 4. d4 cxd4 5. Nf3 e6 6. cxd4 b6 7. Nc3 Nxc3 8. bxc3 Qc7 9. Bd2 d6 10. Bd3 Nd7 11. 0-0 dxe5 12. Nxe5 Nxe5 13. dxe5 Bb7 14. Bb5+ Bc6 15. Qf3 Rc8 16. Bxc6+ Qxc6 17. Qg3 g6 18. c4 h5 19. Bg5 Qe4 20. Rfd1 Bc5 21. Bf6 h4 22. Qg5 Rh5 23. Qd2 Qa8 24. Qd7+ Kf8 25. Rd2 h3 26. gxh3 Kg8 27. Rad1 g5 28. Qxc8+ Qxc8 29. Rd8+ Qxd8 30. Rxd8+ Kh7 31. Kg2 Kg6 32. Kg3 Kf5 33. Rd7 Rh7 34. Rxa7 Bd4 35. Rb7 Bxe5+ 36. Bxe5 Kxe5 37. Rxb6 f5 38. Rb2 f4+ 39. Kg2 Kd4 40. Rb5 e5 41. Rd5+ Ke4 42. f3+ Kf5 43. Rd2 Rc7 44. Rc2 e4 45. fxe4+ Kxe4 46. a4 Rc5 47. Ra2 Ra5 48. c5 Kd5 49. Kf3 Rxc5 50. a5 Ke5 51. a6 Rc3+ 52. Kg2 Rc8 53. a7 Ra8 54. Kf3 Kf5 55. Ra5+ Kg6 56. h4 1-0